LEADER 01094nam--2200373---450- 001 990002960540203316 005 20070726132350.0 010 $a978-88-430-4162-6 035 $a000296054 035 $aUSA01000296054 035 $a(ALEPH)000296054USA01 035 $a000296054 100 $a20070726h2007----km-y0itay50------ba 101 $aita 102 $aIT 105 $a||||||||001yy 200 1 $a<> zafferano e il geco$ele scienze della vita nella società islamica del Medioevo$fPaola Carusi 210 $aRoma$cCarocci$dcopyr. 2007 215 $a259 p.$d22 cm 225 2 $aFrecce$v48 410 0$12001$aFrecce 606 0 $aScienze$xPaesi islamici$xMedioevo 606 0 $aScienze$xPaesi arabi$xStoria 676 $a509.17671 700 1$aCARUSI,$bPaola$0443608 801 0$aIT$bsalbc$gISBD 912 $a990002960540203316 951 $aII.6. 303$b200535 L.M.$cII.6.$d00062565 959 $aBK 969 $aUMA 979 $aPAOLA$b90$c20070726$lUSA01$h1320 979 $aPAOLA$b90$c20070726$lUSA01$h1323 996 $aZafferano e il geco$985357 997 $aUNISA LEADER 01332nam-22200409--4450 001 990002839400203316 005 20190409093552.0 010 $a88-387-3285-X 035 $a000283940 035 $aUSA01000283940 035 $a(ALEPH)000283940USA01 035 $a000283940 100 $a20061127d2006----km-y0itay50------ba 101 $aita 102 $aIT 105 $a||||||||001yy 200 1 $a<> nuove norme antiriciclaggio$ecriminalità organizzata e riciclaggio, la normativa di contrasto, obblighi e adempimenti$fAntonio Scialoja 210 $aSantarcangelo di Romagna$cMaggioli$dcopyr. 2006 215 $a445 p.$d24 cm 225 2 $aProfessionisti & imprese$iEconomia$v43 410 0$12001$aProfessionisti & Imprese$v43 454 1$12001 461 1$1001-------$12001 606 0 $aRiciclaggio 676 $a345.450268 700 1$aSCIALOJA,$bAntonio$0137863 801 0$aIT$bsalbc$gISBD 912 $a990002839400203316 951 $aXXVI.1.C. 733$b52630 G.$cXXVI.1.C.$d00208915 959 $aBK 969 $aGIU 979 $aFIORELLA$b90$c20061127$lUSA01$h1034 979 $aPATRY$b90$c20070830$lUSA01$h1254 979 $aRSIAV2$b90$c20100707$lUSA01$h1101 979 $aFIORELLA$b90$c20100716$lUSA01$h1006 996 $aNuove norme antiriciclaggio$9992933 997 $aUNISA LEADER 02448nam 2200577 450 001 9910819187903321 005 20230803034701.0 010 $a0-309-27813-9 010 $a0-309-27811-2 035 $a(CKB)3710000000103409 035 $a(EBL)3379276 035 $a(SSID)ssj0000877285 035 $a(PQKBManifestationID)11482146 035 $a(PQKBTitleCode)TC0000877285 035 $a(PQKBWorkID)10907842 035 $a(PQKB)10113601 035 $a(MiAaPQ)EBC3379276 035 $a(Au-PeEL)EBL3379276 035 $a(CaPaEBR)ebr10863933 035 $a(OCoLC)917341338 035 $a(EXLCZ)993710000000103409 100 $a20121203h20132013 uy| 0 101 0 $aeng 135 $aurcnu|||||||| 181 $ctxt 182 $cc 183 $acr 200 10$aAlternatives for managing the nation's complex contaminated groundwater sites /$fCommittee on Future Options for Management in the Nation's Subsurface Remediation Effort, Water Science and Technology Board, Division on Earth and Life Studies, National Research Council of the National Academies 210 1$aWashington, District of Columbia :$cNational Academies Press,$d[2013] 210 4$d©2013 215 $a1 online resource (421 p.) 300 $aDescription based upon print version of record. 311 $a0-309-27874-0 311 $a0-309-27810-4 320 $aIncludes bibliographical references. 327 $aMagnitude of the problem -- Remedial objectives, remedy selection, and site closure -- Current capabilities to remove or contain contamination -- Implications of contamination remaining in place -- Technology development to support long-term management of complex sites -- Better decision making during the long-term management of complex groundwater contamination sites. 606 $aGroundwater$xPurification$xManagement 606 $aSoil remediation$xManagement 606 $aGroundwater$xEffect of human beings on 615 0$aGroundwater$xPurification$xManagement. 615 0$aSoil remediation$xManagement. 615 0$aGroundwater$xEffect of human beings on. 676 $a363.7394 712 02$aNational Research Council (U.S.).$bWater Science and Technology Board, 801 0$bMiAaPQ 801 1$bMiAaPQ 801 2$bMiAaPQ 906 $aBOOK 912 $a9910819187903321 996 $aAlternatives for managing the nation's complex contaminated groundwater sites$93932628 997 $aUNINA